| 000 | 02161 a2200397 4500 | ||
|---|---|---|---|
| 003 | NUST | ||
| 005 | 20231220122630.0 | ||
| 008 | 231220b ||||| |||| 00| 0 eng d | ||
| 020 | _a0538882425 | ||
| 020 | _a9780538882422 | ||
| 082 | 0 | 4 |
_a658.562 _bEVA |
| 100 | 1 |
_aEvans, James R. _919195 |
|
| 245 | 1 | 0 |
_aManagement and control of quality / _cJames R. Evans. |
| 250 | _a4th ed. | ||
| 260 |
_a[S.l.] : _bThomson South-Western, _c1998. |
||
| 300 |
_a850 p. ; _c27 cm. |
||
| 500 | _aHardcover. | ||
| 520 | _aEvans/Lindsay is a market leader in this area. James Evans is a well-known author in the field, and is the current president of the Decision Sciences Institute. With his past experience as an examiner for the Malcolm Baldrige Award, the text, chapters and content, are heavily influenced by the framework and essential content of the Malcolm Baldrige National Quality Award criteria. The authors believe the principles of total quality as reflected in the Baldrige Award provide the best overall synthesis of the concept of quality. The text continues to provide a managerially-oriented, integrated view while also blending in technical topics. All chapters have been updated to reflect the most current thinking in the profession. | ||
| 650 | 4 |
_aProduction & quality control management. _9119784 |
|
| 650 | 4 |
_aQuality Assurance (QA) & Total Quality Management (TQM) _9119785 |
|
| 650 | 4 |
_aQuality (Management) _961140 |
|
| 650 | 4 |
_aBusiness & Economics. _9233 |
|
| 650 | 4 |
_aBusiness / Economics / Finance. _912732 |
|
| 650 | 4 |
_aBusiness/Economics. _9233 |
|
| 650 | 4 |
_aBUSINESS & ECONOMICS / Entrepreneurship. _995288 |
|
| 650 | 4 |
_aBusiness & Economics / Quality Control. _9119786 |
|
| 650 | 4 | _aEntrepreneurship. | |
| 650 | 4 | _aQuality Control. | |
| 650 | 4 | _aQuality assurance. | |
| 650 | 4 | _aTotal quality management. | |
| 650 | 4 |
_aManagement & Business: General. _9119787 |
|
| 700 | 1 | _aLindsay, William M. | |
| 856 | 4 | 0 |
_3Amazon.com _uhttp://www.amazon.com/exec/obidos/ASIN/0538882425/chopaconline-20 |
| 856 | 4 | 0 |
_3Amazon customer reviews _uhttp://www.chopac.org/cgi-bin/tools/azrev.pl?q=0538882425 |
| 942 |
_aNBS _cBK _k658.562 _2ddc |
||
| 999 |
_c342701 _d342701 |
||